000 00323cam a22001337a 4500
008 180718b1953 xxu||||| |||| 00| 0 eng d
082 _aI5511 H334
100 _aHays, S.
245 _aOutline of statistics
_cby S. Hays
250 _a4th ed.
260 _aLondon
_bLongmans
_c1953
300 _a289p.
650 _aStatistics
999 _c367948
_d367948